|
|
|
|
| LEADER |
00000naa a2200000 i 4500 |
| 001 |
publ399 |
| 005 |
20150910142026.0 |
| 008 |
150910s2011 hu o 000 zxx d |
| 040 |
|
|
|a BGE Publikációtár Repozitórium
|b hun
|
| 100 |
1 |
|
|a Totth Gedeon
|
| 245 |
1 |
2 |
|a A fogyasztói magatartás empirikus vizsgálata a pálinkafogyasztók körében
|c Totth Gedeon
|h [elektronikus dokumentum]
|
| 260 |
|
|
|a Budapesti Gazdasági Főiskola
|c 2011
|
| 300 |
|
|
|a 48-61
|
| 490 |
0 |
|
|a Tudományos Évkönyv 2010: Merre tovább? Gazdaság és társadalom, realitás és esély
|
| 650 |
|
4 |
|a társadalomtudományok
|
| 695 |
|
|
|a Fogyasztói magatartás
|
| 695 |
|
|
|a Pálinka
|
| 700 |
1 |
|
|a Fodor Mónika
|e aut
|
| 700 |
1 |
|
|a Hlédik Erika
|e aut
|
| 856 |
4 |
0 |
|u https://publikaciotar.uni-bge.hu/id/eprint/399/1/tek_2010_05.pdf
|z Dokumentum-elérés
|